Fundamentals of electric circuits / (Record no. 7495)

MARC details
000 -LEADER
fixed length control field 01696pam a2200217 4500
001 - CONTROL NUMBER
control field 8648
005 - DATE AND TIME OF LATEST TRANSACTION
control field 20181127190437.0
008 - FIXED-LENGTH DATA ELEMENTS--GENERAL INFORMATION
fixed length control field 831003s1984 vaua 001 0 eng
010 ## - LIBRARY OF CONGRESS CONTROL NUMBER
LC control number 83021237
020 ## - INTERNATIONAL STANDARD BOOK NUMBER
International Standard Book Number 9780071105828
Terms of availability
100 1# - MAIN ENTRY--PERSONAL NAME
Personal name Bell, David A.,
Dates associated with a name 1930-
245 10 - TITLE STATEMENT
Title Fundamentals of electric circuits /
Statement of responsibility, etc. David A. Bell
250 ## - EDITION STATEMENT
Edition statement 3rd ed
260 ## - PUBLICATION, DISTRIBUTION, ETC.
Place of publication, distribution, etc. Reston, Va. :
Name of publisher, distributor, etc. Reston Pub. Co.,
Date of publication, distribution, etc. 2007.
300 ## - PHYSICAL DESCRIPTION
Extent xvi, 847 p. :
Other physical details ill. ;
Dimensions 25 cm
500 ## - GENERAL NOTE
General note Includes index
505 ## - FORMATTED CONTENTS NOTE
Formatted contents note CONTENTS : Part 1 DC Circuits1 Basic Concepts2 Basic Laws3 Methods of Analysis4 Circuit Theorems5 Operational Amplifiers6 Capacitors and Inductors7 First-Order Circuits8 Second-Order CircuitsPart 2 AC Circuits9 Sinusoids and Phasors10 Sinusoidal Steady-State Analysis11 AC Power Analysis12 Three-Phase Circuits13 Magnetically Coupled Circuits14 Frequency ResponsePart 3 Advanced Circuit Analysis15 Introduction to the Laplace Transform16 Applications of the Laplace Transform17 The Fourier Series18 Fourier Transform19 Two-Port NetworksAppendix A Simultaneous Equations and Matrix InversionAppendix B Complex NumbersAppendix C Mathematical FormulasAppendix D PSpice for WindowsAppendix E MATLABAppendix F KCIDEAppendix G Answers to Odd-Numbered Problems
Miscellaneous information
Statement of responsibility
Title
520 ## - SUMMARY, ETC.
Summary, etc. Presenting circuit analysis, this book introduces students to the sound, six-step problem solving methodology in chapter one, and makes them apply and practice these steps in practice problems and homework problems. It features: a balance of theory, worked examples and extended examples, practice problems, and real-world applications.
650 #0 - SUBJECT ADDED ENTRY--TOPICAL TERM
Topical term or geographic name entry element Electric circuits
Holdings
Withdrawn status Lost status Source of classification or shelving scheme Damaged status Not for loan Collection code Home library Current library Shelving location Date acquired Serial Enumeration / chronology Inventory number Total Checkouts Full call number Barcode Date last seen Date last checked out Price effective from Koha item type
    Dewey Decimal Classification     Main TEST RTC Library RTC Library Main opac 24/08/2021 13126 1 621.3 ALE 30013037 08/09/2021 24/08/2021 27/11/2018 Main
Royal Thimphu College || All Right Reserved